[Event "Druzynowe Mistrzostwa Polski - II Liga Seniorow"]
[Site "Ustron/Slaski Zwiazek Szachowy"]
[Date "2008.09.10"]
[Round "4.79"]
[White "Wieclaw, Michal"]
[Black "Banasik, Krzysztof"]
[Result "1/2-1/2"]
[WhiteTitle "k"]
[BlackTitle "k"]
[WhiteElo "2220"]
[BlackElo "2215"]

1. e4 e6 2. d4 d5 3. exd5 exd5 4. Nf3 Bd6 5. c4 dxc4 6. Bxc4 Nf6 7. O-O O-O 8.
Bg5 Nc6 9. h3 h6 10. Be3 Bf5 11. Nc3 a6 12. Qd2 Ne4 13. Qc1 Re8 14. Re1 Nb4 15.
Re2 b5 16. Bb3 c6 17. a3 Nd3 18. Qc2 Nxc3 19. Qxc3 Qf6 20. Rd2 Nf4 21. Ne5 Ne6
22. Qxc6 Bxe5 23. dxe5 Qxe5 24. Bxe6 Bxe6 25. Rad1 Bb3 26. Rc1 Bc4 27. Rcd1 a5
28. Qd6 Qxd6 29. Rxd6 a4 30. R1d4 Rac8 31. Kh2 Re6 32. Rd8+ Rxd8 33. Rxd8+ Kh7
34. Rd2 g5 35. Bc5 Rc6 36. Bb4 Re6 37. Rd6 Re2 38. Rd2 Re4 39. f3 Re8 40. Rd6
Re2 41. Rd2 Re3 42. Rd8 Re2 1/2-1/2

[Event "Druzynowe Mistrzostwa Polski - II Liga Seniorow"]
[Site "Ustron/Slaski Zwiazek Szachowy"]
[Date "2008.09.10"]
[Round "4.80"]
[White "Tustanowski, Robert"]
[Black "Bernard, Ryszard"]
[Result "0-1"]
[WhiteTitle "m"]
[BlackTitle "FM"]
[WhiteElo "2281"]
[BlackElo "2345"]

1. e4 c5 2. Nf3 Nc6 3. Bb5 d6 4. Bxc6+ bxc6 5. e5 Bg4 6. h3 Bxf3 7. Qxf3 d5 8.
O-O e6 9. Re1 Ne7 10. d3 Nf5 11. Nc3 Be7 12. Ne2 O-O 13. Nf4 Qa5 14. Qd1 Rfd8
15. Bd2 Qb5 16. b3 c4 17. a4 Qa6 18. bxc4 dxc4 19. Re4 cxd3 20. Nxd3 c5 21. Qc1
Rd4 22. Rxd4 Nxd4 23. Kh1 Qc4 24. Ra3 Qd5 25. c4 Qe4 26. Bg5 Bf8 27. Qd1 Rb8
28. Be3 h6 29. Bxd4 Qxd4 30. Rb3 Rd8 31. Qc2 g5 32. Qc3 Qe4 33. a5 Rd4 34. a6
Rxc4 35. Qa5 Rd4 36. Rb8 Qxd3 37. Qxc5 Rd8 38. Rxd8 Qxd8 39. Qxa7 Qd1+ 40. Kh2
Kg7 41. Qb8 Bc5 0-1

[Event "Druzynowe Mistrzostwa Polski - II Liga Seniorow"]
[Site "Ustron/Slaski Zwiazek Szachowy"]
[Date "2008.09.10"]
[Round "4.81"]
[White "Kaczmarek, Piotr"]
[Black "Siekaniec, Jan"]
[Result "0-1"]
[WhiteTitle "I"]
[BlackTitle "k"]
[WhiteElo "1935"]
[BlackElo "2184"]

1. d4 Nf6 2. c4 g6 3. Nc3 Bg7 4. e4 d6 5. f3 Nc6 6. Be3 a6 7. Qd2 Rb8 8. a4 O-O
9. Nge2 Re8 10. Rb1 e5 11. d5 Na5 12. Nc1 c5 13. Bg5 Qb6 14. b3 Qc7 15. g4 b6
16. Bh6 Qe7 17. h4 Bxh6 18. Qxh6 Qf8 19. Qg5 Qe7 20. Bd3 Bd7 21. h5 Nxd5 22.
Qxe7 Nxe7 23. hxg6 hxg6 24. Nd5 Nxd5 25. cxd5 b5 26. axb5 axb5 27. b4 Nb7 28.
Kd2 c4 29. Bc2 Ra8 30. Ne2 Ra3 31. Nc3 Rea8 32. Rh3 Ra1 33. Rhh1 Rxb1 34. Rxb1
f6 35. Rb2 Kg7 36. Ra2 Rxa2 37. Nxa2 Kh6 38. Nc3 Kg5 39. Ke3 Nd8 40. Nb1 Nf7
41. Nc3 Kh4 42. Kf2 Ng5 43. Ne2 Nh3+ 44. Ke3 Kg5 45. Bb1 Nf4 46. Nc3 Kh4 47.
Kf2 Kh3 48. Bc2 Kh2 49. Bb1 Nh3+ 50. Ke3 Kg2 51. Bc2 Kf1 52. Nb1 Nf4 53. Kd2
Kf2 54. Bd1 Nd3 55. Kc3 Ke1 56. Bc2 Ke2 57. Bxd3+ cxd3 58. Nd2 g5 59. Nb3 Kxf3
60. Kxd3 Kxg4 0-1

[Event "Druzynowe Mistrzostwa Polski - II Liga Seniorow"]
[Site "Ustron/Slaski Zwiazek Szachowy"]
[Date "2008.09.10"]
[Round "4.82"]
[White "Szczesniak, Konrad"]
[Black "Bernat, Marcin"]
[Result "1/2-1/2"]
[WhiteTitle "k"]
[BlackTitle "k"]
[WhiteElo "2248"]
[BlackElo "2200"]

1. d4 Nf6 2. c4 e6 3. Nf3 c5 4. d5 exd5 5. cxd5 d6 6. Nc3 g6 7. Bg5 Bg7 8. Qd2
O-O 9. Bh6 Re8 10. Bxg7 Kxg7 11. h4 h5 12. Ng5 Nbd7 13. e4 Ne5 14. O-O-O a6 15.
Be2 b5 16. f4 Neg4 17. Bxg4 Bxg4 18. Rde1 b4 19. Nd1 Bxd1 20. Qxd1 Ra7 21. f5
gxf5 22. exf5 Rxe1 23. Qxe1 Qe7 24. Qg3 Ng4 25. Re1 Qf6 26. Ne4 Qxf5 27. Nxd6
Qxd5 28. Qf4 Rd7 29. Nf5+ Kf8 30. Nh6 Ne5 31. Qxe5 Qd2+ 32. Kb1 Qd3+ 33. Kc1
Qd2+ 1/2-1/2

[Event "Druzynowe Mistrzostwa Polski - II Liga Seniorow"]
[Site "Ustron/Slaski Zwiazek Szachowy"]
[Date "2008.09.10"]
[Round "4.83"]
[White "Szuminski, Marek"]
[Black "Grajdek, Jaroslaw"]
[Result "0-1"]
[WhiteTitle "I+"]
[BlackTitle "I+"]
[WhiteElo "2062"]
[BlackElo "2092"]

1. d4 d6 2. c4 g6 3. Nc3 Bg7 4. e4 Nd7 5. Nge2 e5 6. Be3 Ne7 7. Qd2 h6 8. O-O-O
a6 9. Kb1 Nc6 10. d5 Na5 11. Nc1 b6 12. Be2 Nb7 13. h4 Qe7 14. g3 Nf6 15. f4
Nc5 16. Bd3 Ng4 17. Bg1 h5 18. Bc2 O-O 19. Nd3 a5 20. Nf2 Re8 21. Nxg4 Bxg4 22.
Re1 Kh7 23. Be3 Qd7 24. Rhf1 Rf8 25. Nd1 Rae8 26. Nf2 Bf3 27. f5 gxf5 28. Nh3
Nxe4 29. Qh2 Bg4 30. Ng5+ Nxg5 31. hxg5 e4 32. Rf4 Kg6 33. Ref1 Be5 34. R4f2 b5
35. cxb5 Qxb5 36. Bd1 Qd3+ 0-1

[Event "Druzynowe Mistrzostwa Polski - II Liga Seniorow"]
[Site "Ustron/Slaski Zwiazek Szachowy"]
[Date "2008.09.10"]
[Round "4.84"]
[White "Buksa, Ewelina"]
[Black "Sikorska, Agata"]
[Result "0-1"]
[WhiteTitle "II"]
[BlackTitle "m"]
[WhiteElo "1555"]
[BlackElo "2108"]

1. e4 d6 2. d4 Nf6 3. Nc3 Nbd7 4. Nf3 e5 5. Be3 Be7 6. h3 O-O 7. Bc4 c6 8. O-O
b5 9. Bd3 a6 10. a3 Bb7 11. Nd2 d5 12. exd5 cxd5 13. Be2 Bd6 14. Nb3 e4 15. Qd2
Qc7 16. Bd1 Ne8 17. Ne2 f5 18. Bf4 Rc8 19. Bxd6 Nxd6 20. c3 Nc4 21. Qc1 f4 22.
Nd2 Rce8 23. b3 Nxd2 24. Qxd2 f3 25. Ng3 e3 26. Qc2 e2 27. Nxe2 fxe2 28. Bxe2
Nf6 29. Bd3 Rc8 30. Rac1 Qd6 31. Ra1 Ne4 32. Bxe4 dxe4 33. Rfe1 Qxd4 34. cxd4
Rxc2 35. b4 Rfxf2 0-1

[Event "Druzynowe Mistrzostwa Polski - II Liga Seniorow"]
[Site "Ustron/Slaski Zwiazek Szachowy"]
[Date "2008.09.10"]
[Round "4.85"]
[White "Niedzwiedz, Marek"]
[Black "Wawrowski, Zbigniew"]
[Result "1-0"]
[WhiteTitle "I++"]
[BlackTitle "k"]
[WhiteElo "2088"]
[BlackElo "2201"]

1. e4 Nc6 2. d4 e5 3. Nf3 exd4 4. Nxd4 Qh4 5. Nc3 Bb4 6. Qd3 Nf6 7. Nxc6 bxc6
8. Bd2 Bxc3 9. Bxc3 O-O 10. e5 Nd5 11. g3 Qe7 12. Bg2 Nxc3 13. Qxc3 f6 14.
O-O-O fxe5 15. Rhe1 Qf6 16. Rxe5 Rb8 17. f4 d6 18. Re3 Bg4 19. Qxf6 Rxf6 20.
Rde1 Bd7 21. Rb3 Ra8 22. Ree3 g5 23. Re7 Be8 24. Rxc7 gxf4 25. gxf4 d5 26. Rg3+
Kh8 27. c4 dxc4 28. Be4 Rf7 29. Bxc6 Rd8 30. Rxf7 Bxf7 31. Kc2 Bg6+ 32. Kc3 Rb8
33. Re3 Bb1 34. Re8+ Rxe8 35. Bxe8 Bxa2 36. Bf7 Kg7 37. Bxc4 Bxc4 38. Kxc4 Kf6
1-0

[Event "Druzynowe Mistrzostwa Polski - II Liga Seniorow"]
[Site "Ustron/Slaski Zwiazek Szachowy"]
[Date "2008.09.10"]
[Round "4.86"]
[White "Szmyd, Marek"]
[Black "Graczyk, Konrad"]
[Result "0-1"]
[WhiteTitle "k"]
[BlackTitle "II"]
[WhiteElo "2199"]
[BlackElo "1907"]

1. Nf3 d5 2. b3 e6 3. Bb2 f5 4. e3 Nf6 5. Be2 Bd6 6. d4 O-O 7. c4 c6 8. c5 Bc7
9. Nc3 Nbd7 10. b4 Qe8 11. Qc2 Ne4 12. g3 Ndf6 13. Ne5 a5 14. a3 Bd7 15. f3
Nxc3 16. Bxc3 Qe7 17. O-O g5 18. Rfb1 a4 19. b5 f4 20. exf4 gxf4 21. Nxd7 Qxd7
22. bxc6 bxc6 23. Kg2 fxg3 24. hxg3 Qg7 25. g4 Nxg4 26. fxg4 Qf6 27. Bf1 Qf3+
28. Kg1 Qe3+ 29. Kg2 Qg3+ 30. Kh1 Rf2 0-1

[Event "Druzynowe Mistrzostwa Polski - II Liga Seniorow"]
[Site "Ustron/Slaski Zwiazek Szachowy"]
[Date "2008.09.10"]
[Round "4.87"]
[White "Polok, Kacper"]
[Black "Kowalczuk, Wojciech"]
[Result "1/2-1/2"]
[WhiteTitle "I"]
[BlackTitle "k"]
[WhiteElo "1903"]
[BlackElo "2201"]

1. e4 c5 2. Nc3 Nc6 3. Bb5 Nd4 4. Bc4 a6 5. a4 d6 6. Nge2 Nf6 7. d3 g6 8. O-O
Bg7 9. Be3 Ng4 10. h3 Nxe3 11. Bxf7+ Kxf7 12. fxe3+ Ke8 13. exd4 cxd4 14. Na2
Rf8 15. Qd2 Qb6 16. Nb4 Qa5 17. c3 dxc3 18. bxc3 Bd7 19. Nd5 Bc6 20. Nef4 Bh6
21. Qb2 Bxf4 22. Nxf4 Kd7 23. Qe2 Qg5 24. Qe3 e5 25. Nd5 Qxe3+ 26. Nxe3 Ke6 27.
c4 Rf4 28. g3 Rff8 29. Rf2 Rxf2 30. Kxf2 Rf8+ 31. Ke2 a5 32. Nd5 Rf7 33. Nc3
Kd7 34. Rb1 Rf8 35. Nb5 Rf7 36. Ke3 h6 37. Rc1 Rf8 38. Ke2 Rf7 39. h4 Rf8 40.
Nc3 Rf7 41. Ra1 Rf8 42. Nd5 Rf7 43. Ne3 Kc7 44. Nd5+ Kd7 45. Nc3 Rf8 46. Nb5
Rf7 47. Rg1 Rf8 48. Rh1 Rf7 49. Nc3 Rf8 50. Rh2 Kc7 51. Rh1 1/2-1/2

[Event "Druzynowe Mistrzostwa Polski - II Liga Seniorow"]
[Site "Ustron/Slaski Zwiazek Szachowy"]
[Date "2008.09.10"]
[Round "4.88"]
[White "Gusarow, Mariusz"]
[Black "Graczyk, Damian"]
[Result "1-0"]
[WhiteTitle "I+"]
[BlackTitle "I"]
[WhiteElo "2161"]
[BlackElo "1863"]

1. e4 c6 2. d4 d5 3. e5 Bf5 4. Nc3 e6 5. g4 Bg6 6. Nge2 Nd7 7. h4 h6 8. Be3 c5
9. f4 Be7 10. Bf2 h5 11. f5 exf5 12. g5 cxd4 13. Bxd4 Bb4 14. Nf4 Nc5 15. Bb5+
Kf8 16. O-O Ne7 17. a3 Bxc3 18. Bxc5 Bxe5 19. Qxd5 Qxd5 20. Nxd5 Bd4+ 21. Bxd4
Nxd5 22. Rad1 Nc7 23. Bc5+ Kg8 24. Bc4 b6 25. Bb4 a5 26. Bc3 b5 27. Ba2 b4 28.
Be5 Ra7 29. Rd7 Nb5 30. Rfd1 bxa3 31. c4 Rxd7 32. Rxd7 axb2 33. cxb5 Kh7 34. b6
b1=Q+ 35. Bxb1 Re8 36. b7 Rxe5 37. b8=Q 1-0

[Event "Druzynowe Mistrzostwa Polski - II Liga Seniorow"]
[Site "Ustron/Slaski Zwiazek Szachowy"]
[Date "2008.09.10"]
[Round "4.90"]
[White "Kmiecik, Emilia"]
[Black "Graczyk, Natalia"]
[Result "1/2-1/2"]
[WhiteTitle "I"]
[BlackTitle "II"]
[WhiteElo "1860"]
[BlackElo "1723"]

1. d4 Nf6 2. c4 e6 3. Nc3 d5 4. e3 Nbd7 5. Nf3 c6 6. Be2 Be7 7. O-O O-O 8. b3
Re8 9. Bb2 Bd6 10. Qc2 Nf8 11. Ne5 Ng6 12. f4 Nd7 13. Bd3 f5 14. g4 Rf8 15. g5
c5 16. Nb5 Be7 17. Nf3 a6 18. Na3 cxd4 19. Nxd4 Nc5 20. cxd5 Nxd3 21. Qxd3 Qxd5
22. Qc4 Qe4 23. Ndc2 Qxc4 24. Nxc4 b5 25. Na5 Bd8 26. Nc6 Bb6 27. N2d4 Bd7 28.
Rac1 Rac8 29. Kf2 Bxc6 30. Nxc6 Kf7 31. Kf3 Rc7 32. Rfd1 Rfc8 33. Rd6 Nh4+ 34.
Kg3 Ng6 35. Kf3 h6 36. gxh6 gxh6 37. h3 Nh4+ 38. Kg3 Ng6 39. Kf3 h5 40. a4 bxa4
41. bxa4 a5 1/2-1/2

[Event "Druzynowe Mistrzostwa Polski - II Liga Seniorow"]
[Site "Ustron/Slaski Zwiazek Szachowy"]
[Date "2008.09.10"]
[Round "4.91"]
[White "Rys, Marek"]
[Black "Lusio, Stanislaw"]
[Result "0-1"]
[WhiteTitle "II"]
[BlackTitle "I"]
[WhiteElo "1828"]
[BlackElo "1964"]

1. d4 e6 2. Nf3 d5 3. Bf4 c5 4. e3 Qb6 5. b3 Nf6 6. Ne5 Ne4 7. Bd3 Qa5+ 8. Kf1
Nc6 9. Bxe4 dxe4 10. Nd2 cxd4 11. Nxc6 bxc6 12. exd4 Qf5 13. Be3 Be7 14. c4 O-O
15. Qc2 e5 16. f3 exd4 17. Bxd4 exf3 18. Qxf5 fxg2+ 19. Kxg2 Bxf5 20. Nf3 f6
21. Rhe1 Kf7 22. Rxe7+ Kxe7 23. Bc5+ Kf7 24. Bxf8 Rxf8 25. Rd1 Re8 26. Kf2 Bg4
27. Rd6 Re6 28. Rd7+ Re7 29. Rd6 Rc7 30. c5 Bd7 31. h4 h5 32. Ke3 Be8 33. Nd4
Rd7 34. b4 Rc7 35. Kf4 g6 36. a3 Bd7 37. Nf3 Ke7 38. Nd4 a6 39. Nb3 Be6 40. Nd4
Bd5 41. Ke3 Bg2 42. Kf2 Bh1 43. Kg1 Bd5 44. Kf2 Rc8 45. Ke3 Bh1 46. Kf4 a5 47.
Ke3 axb4 48. axb4 Rc7 49. Kf4 Kf7 50. Ne6 Rc8 51. Nd4 Rb8 52. Nxc6 Bxc6 53.
Rxc6 Rxb4+ 54. Kg3 Rc4 55. Kh3 Re4 56. Kg3 Rc4 57. Kh3 Rg4 58. Rc8 Ke6 59. c6
Kd6 60. c7 f5 61. Rd8+ Kxc7 62. Rd1 Kc6 63. Rd8 Kc5 64. Rd7 Rd4 65. Rg7 Rd6 66.
Kg3 Kd4 67. Kf4 Kd3 68. Rg8 Ke2 69. Kg3 Re6 70. Ra8 Re3+ 71. Kg2 Re4 72. Kh3
Kf3 73. Ra3+ Kf4 74. Ra6 g5 75. hxg5 Kxg5 76. Ra8 Kf4 77. Rh8 Kf3 78. Rxh5 f4
79. Ra5 Kf2 80. Ra2+ Re2 81. Ra4 f3 82. Ra1 Re1 83. Ra2+ Re2 84. Ra1 Rd2 85.
Ra3 Ke2 86. Ra1 Kf2 87. Ra3 Re2 88. Rb3 Re1 89. Rb2+ Re2 90. Rb3 Rd2 91. Ra3
Ke2 92. Ra8 f2 93. Re8+ Kf1 94. Ra8 Kg1 95. Rg8+ Kh1 96. Kg3 f1=Q 97. Rh8+ Kg1
0-1

[Event "Druzynowe Mistrzostwa Polski - II Liga Seniorow"]
[Site "Ustron/Slaski Zwiazek Szachowy"]
[Date "2008.09.10"]
[Round "4.92"]
[White "Lach, Ireneusz"]
[Black "Mackowiak, Marek"]
[Result "1/2-1/2"]
[WhiteTitle "I"]
[BlackTitle "k"]
[WhiteElo "1999"]
[BlackElo "2197"]

1. d4 d5 2. Nf3 Nf6 3. c4 c6 4. Nc3 e6 5. e3 Be7 6. Bd3 dxc4 7. Bxc4 O-O 8. O-O
a6 9. Qe2 b5 10. Bd3 Nbd7 11. e4 b4 12. Nd1 Re8 13. Ne3 Nf8 14. e5 Nd5 15. Nc4
a5 16. Bd2 Ba6 17. Rfd1 Rc8 18. Rac1 Ng6 19. g3 c5 20. dxc5 Rxc5 21. h4 Qc7 22.
h5 Nf8 23. b3 Rc8 24. Qe4 f5 25. exf6 Nxf6 26. Qe2 Nd5 27. Nd4 Qd7 28. Re1 Bxc4
29. Bxc4 Kf7 30. Nf3 Bf6 31. Ne5+ 1/2-1/2

[Event "Druzynowe Mistrzostwa Polski - II Liga Seniorow"]
[Site "Ustron/Slaski Zwiazek Szachowy"]
[Date "2008.09.10"]
[Round "4.93"]
[White "Rys, Sebastian"]
[Black "Pietal, Leszek"]
[Result "1/2-1/2"]
[WhiteTitle "I+"]
[BlackTitle "I"]
[WhiteElo "1973"]
[BlackElo "1961"]

1. e4 c5 2. c3 d5 3. exd5 Qxd5 4. Nf3 Nf6 5. d4 Bg4 6. Be2 e6 7. O-O Nc6 8. Be3
cxd4 9. Nxd4 Nxd4 10. Bxg4 Nxg4 11. Qxg4 Nf5 12. Qa4+ b5 13. Qg4 Nxe3 14. fxe3
Bc5 15. Qe2 O-O 16. Kh1 Rad8 17. Qxb5 Bxe3 18. Qxd5 Rxd5 19. Na3 Rfd8 20. Nc4
Bg5 21. g3 Rc8 22. Na3 Rd2 23. Rab1 a6 24. Rfd1 Rcd8 25. Rxd2 Rxd2 26. Nc4 Rc2
27. Rd1 Rc1 28. Rxc1 Bxc1 29. Kg2 f5 30. Kf3 Kf7 31. a4 Ke7 32. b4 Kd7 33. b5
axb5 34. axb5 Bg5 35. Ne5+ Kc7 36. c4 Bf6 37. Nd3 e5 38. Nb4 Bg5 39. Nd5+ Kd6
40. h4 e4+ 41. Ke2 Bd8 42. Ke3 Kc5 43. Kf4 g6 44. g4 Kxc4 45. Ne3+ Kd4 46. gxf5
Bc7+ 47. Kg4 Kxe3 48. f6 Kd3 49. f7 Bd6 50. b6 e3 51. b7 e2 52. b8=Q Bxb8 53.
f8=Q e1=Q 54. Qxb8 Qe4+ 55. Kg3 Qe3+ 56. Kg2 Qe2+ 57. Kg3 Qe1+ 58. Kh3 Qe6+ 59.
Kg3 Ke4 60. Qf4+ Kd5 61. Qd2+ Ke5 62. Qf4+ Kd5 63. Qd2+ Kc6 64. Qh6 Qe7 65.
Qc1+ Kd7 66. Qh6 Ke8 67. h5 g5 68. Qb6 Kf7 69. Qf2+ Kg7 70. Qd4+ Kh6 71. Qg4
Qe1+ 72. Kg2 Qd2+ 73. Kg3 Qe3+ 74. Kg2 Qe8 75. Qf3 Qxh5 76. Qf8+ Kg6 77. Qe8+
1/2-1/2

[Event "Druzynowe Mistrzostwa Polski - II Liga Seniorow"]
[Site "Ustron/Slaski Zwiazek Szachowy"]
[Date "2008.09.10"]
[Round "4.94"]
[White "Lusio, Marek"]
[Black "Sron, Przemyslaw"]
[Result "1/2-1/2"]
[WhiteTitle "II"]
[BlackTitle "I"]
[WhiteElo "1824"]
[BlackElo "1893"]

1. d4 d5 2. c4 c6 3. Nc3 Nf6 4. Bg5 a6 5. Bxf6 gxf6 6. cxd5 cxd5 7. Nf3 Nc6 8.
e3 Bf5 9. a3 e6 10. Bd3 Bg6 11. O-O Bd6 12. Rc1 Rc8 13. Re1 f5 14. Ne2 O-O 15.
h3 Qb6 16. Rb1 Na5 17. Nf4 Nc4 18. Bxc4 Rxc4 19. Nxg6 hxg6 20. Nd2 Rc6 21. Qb3
Qc7 22. Qd3 Rc8 23. g4 Kg7 24. Kg2 Qe7 25. Nf3 Rc2 26. Re2 Rxe2 27. Qxe2 g5 28.
Rh1 Rh8 29. Ne1 Qf6 30. gxf5 Qxf5 31. Qg4 Qxg4+ 32. hxg4 Rc8 33. Nd3 Rc2 34.
Rb1 Rd2 35. Ne1 f6 36. b4 b5 37. Rc1 Ra2 38. Rc3 Kf7 39. Nd3 a5 40. bxa5 Bxa3
41. Rb3 Be7 42. Rxb5 Bd8 43. Rb7+ Kg6 44. Nc5 Bxa5 45. Ra7 Ra3 46. Nxe6 f5 47.
Nc7 fxg4 48. Nxd5 Bb4 49. Rxa3 Bxa3 50. Kg3 Kf5 51. Nc3 Bd6+ 52. Kg2 Bb8 53.
Ne2 Ke4 54. Ng3+ Kd3 55. Kf1 Bc7 56. d5 Be5 57. Kg2 Kc4 58. e4 Kd4 59. f3 gxf3+
60. Kxf3 Kd3 61. Kg4 Ke3 1/2-1/2

[Event "Druzynowe Mistrzostwa Polski - II Liga Seniorow"]
[Site "Ustron/Slaski Zwiazek Szachowy"]
[Date "2008.09.10"]
[Round "4.97"]
[White "Ciesla, Adam"]
[Black "Fudalej, Michal"]
[Result "1-0"]
[WhiteTitle "m"]
[BlackTitle "FM"]
[WhiteElo "2291"]
[BlackElo "2309"]

1. e4 c6 2. d4 d5 3. Nd2 dxe4 4. Nxe4 Bf5 5. Ng3 Bg6 6. h4 h6 7. h5 Bh7 8. Nf3
e6 9. Bd3 Bxd3 10. Qxd3 Nd7 11. Bf4 Qa5+ 12. Bd2 Bb4 13. Ne4 Bxd2+ 14. Nfxd2
Ngf6 15. Nd6+ Ke7 16. Nxb7 Qb4 17. Qb3 Qxd4 18. O-O-O Rhb8 19. Qa3+ c5 20. Na5
Rc8 21. Ndc4 Qf4+ 22. Kb1 Nd5 23. Ne3 N7b6 24. c4 Nxe3 25. fxe3 Qe4+ 26. Qd3
Qxd3+ 27. Rxd3 Nd7 28. Kc2 Ne5 29. Rb3 Rab8 30. Rd1 Rxb3 31. Kxb3 Ng4 32. Rd3
Rb8+ 33. Kc3 Rb6 34. Rd2 Nxe3 35. a3 Ng4 36. b4 Nf6 37. Rc2 Ne4+ 38. Kd3 f5 39.
Ke3 cxb4 40. axb4 Kf6 41. Rb2 a6 42. Rb3 Ke5 43. c5 Rb5 44. Rd3 Rxa5 45. bxa5
Nxc5 46. Rd8 Nb3 47. Rf8 Nxa5 48. Rf7 Nc4+ 49. Ke2 a5 50. Rxg7 a4 51. Kd3 Nd6
52. Rh7 a3 53. Kc2 Nc4 54. Kb3 Ne3 55. Rxh6 f4 56. Rg6 Nf5 57. h6 Nxh6 58. Rxh6
Kd5 59. Kxa3 e5 60. Kb2 Kd4 61. Kc2 Ke3 62. Kd1 Kf2 63. Re6 Kxg2 64. Rxe5 f3
65. Rf5 1-0

[Event "Druzynowe Mistrzostwa Polski - II Liga Seniorow"]
[Site "Ustron/Slaski Zwiazek Szachowy"]
[Date "2008.09.10"]
[Round "4.98"]
[White "Urbanski, Grzegorz"]
[Black "Klekowski, Maciej"]
[Result "1-0"]
[WhiteTitle "I++"]
[BlackTitle "I++"]
[WhiteElo "2158"]
[BlackElo "2197"]

1. e4 c5 2. Nf3 Nc6 3. Bb5 Qb6 4. Nc3 e6 5. O-O a6 6. Bxc6 Qxc6 7. d3 d6 8. b3
Be7 9. Bb2 b5 10. Re1 h6 11. d4 cxd4 12. Nxd4 Qc5 13. Qd3 Nf6 14. Rad1 Bb7 15.
Qg3 O-O 16. Nd5 Bd8 17. b4 Qc4 18. Nf5 Nh5 19. Nxh6+ Kh7 20. Qxd6 Re8 21. Nxf7
exd5 22. Ne5 Rxe5 23. Qxe5 Nf6 24. Qf5+ Kg8 25. Qe6+ Kf8 26. exd5 Qxb4 27. Be5
Ne8 28. Re3 Bc8 29. Qxe8+ Kxe8 30. Bd6+ Kf7 31. Bxb4 Bg4 32. Rde1 a5 33. Be7
Bb6 34. Re4 Bf5 35. Rf4 Kg6 36. c4 Rc8 37. cxb5 Rc2 38. a4 Bc7 39. d6 Bb6 40.
g4 Bd7 41. h4 Rc3 42. Re5 Rc1+ 43. Kh2 Bc8 44. Rg5+ Kh7 45. Rh5+ Kg6 46. Rh8
1-0

[Event "Druzynowe Mistrzostwa Polski - II Liga Seniorow"]
[Site "Ustron/Slaski Zwiazek Szachowy"]
[Date "2008.09.10"]
[Round "4.99"]
[White "Piesik, Piotr"]
[Black "Trendota, Dawid"]
[Result "1-0"]
[WhiteTitle "I++"]
[BlackTitle "I"]
[WhiteElo "2150"]
[BlackElo "1981"]

1. Nf3 Nf6 2. g3 g6 3. d4 Bg7 4. Bg2 O-O 5. O-O d6 6. Nbd2 Nbd7 7. e4 e5 8.
dxe5 dxe5 9. Qe2 Qe7 10. b3 b6 11. Nc4 Ba6 12. Nfd2 Ne8 13. Rd1 Rd8 14. Qe1 f5
15. Ne3 f4 16. Nd5 Qc5 17. a4 fxg3 18. hxg3 Qxc2 19. Ba3 Nc5 20. Rdc1 Qd3 21.
Bf1 Qd4 22. Bxc5 bxc5 23. Bxa6 Bh6 24. Rd1 Rxd5 25. Nc4 1-0

[Event "Druzynowe Mistrzostwa Polski - II Liga Seniorow"]
[Site "Ustron/Slaski Zwiazek Szachowy"]
[Date "2008.09.10"]
[Round "4.100"]
[White "Rzepka, Krzysztof"]
[Black "Palacz, Krzysztof"]
[Result "1-0"]
[WhiteTitle "k"]
[BlackTitle "I+"]
[WhiteElo "2208"]
[BlackElo "2095"]

1. d4 Nf6 2. c4 g6 3. Nc3 Bg7 4. Nf3 d6 5. g3 O-O 6. Bg2 Nc6 7. h3 e5 8. d5 Ne7
9. e4 Nd7 10. O-O h6 11. Ne1 f5 12. Nd3 Nf6 13. exf5 gxf5 14. f4 e4 15. Ne1 Qe8
16. Nb5 Qg6 17. Nxc7 Rb8 18. Qb3 Nh5 19. Be3 Nxg3 20. Rf2 b6 21. Rd1 Bd7 22.
Nc2 Rb7 23. Nb5 Kh7 24. Ncd4 Nc8 25. Qa3 Rg8 26. Qa6 Rb8 27. Nc6 Bxc6 28. dxc6
Nh5 29. c7 Ra8 30. Qb7 Ne7 31. Nxd6 Raf8 32. Qxa7 Qg3 33. Qxb6 Bf6 34. c8=Q
Nxc8 35. Nxc8 Rxc8 36. Rd7+ Kh8 37. Qa7 Rg7 38. Rxg7 Bxg7 39. b3 Rd8 40. Rf1
Rd3 41. Qb8+ Kh7 42. Bf2 Qg6 43. Kh2 Rd2 44. Qb6 Rd6 45. Qa7 Ra6 46. Qe3 Rxa2
47. Rg1 Qd6 48. Bxe4 fxe4 49. Qxe4+ Kg8 50. Qf5 Qf8 51. Qxf8+ Kxf8 52. Rg2 Kf7
53. Bg3 Ra3 54. b4 Rb3 55. c5 Rxb4 56. Rc2 Rb8 57. Kg2 Rc8 58. Kf3 Bf8 59. Bf2
Nf6 60. Bd4 Rc6 61. Bxf6 Kxf6 62. Ke4 Ke6 63. f5+ Kf6 64. Kd5 Rc8 65. c6 Kxf5
66. c7 Bb4 67. Kc6 Rg8 68. Kb7 Rg7 69. Kb6 Rxc7 70. Kxc7 Be1 71. Rc5+ Kg6 72.
Kd7 Bh4 73. Ke6 Bf2 74. Rc2 Be1 75. Rg2+ Kh5 76. Rg4 Bh4 77. Ra4 Bg3 78. Kf5
Bc7 79. Rg4 Bd6 80. Ra4 Bc7 81. Rg4 Bd6 82. Ke4 1-0

[Event "Druzynowe Mistrzostwa Polski - II Liga Seniorow"]
[Site "Ustron/Slaski Zwiazek Szachowy"]
[Date "2008.09.10"]
[Round "4.101"]
[White "Ziebinski, Bartosz"]
[Black "Sroka, Janusz"]
[Result "1/2-1/2"]
[WhiteTitle "I"]
[BlackTitle "I++"]
[WhiteElo "1939"]
[BlackElo "2156"]

1. e4 e5 2. Nf3 d6 3. d4 Nd7 4. Nc3 Ngf6 5. Bc4 Be7 6. h3 c6 7. Bb3 O-O 8. O-O
b5 9. a3 Bb7 10. Bg5 a6 11. dxe5 dxe5 12. Qe2 Qc7 13. Rad1 h6 14. Bh4 Rfe8 15.
Rd2 Nf8 16. Rfd1 Rad8 17. Qe3 Ng6 18. g3 Bc8 19. Kg2 Rxd2 20. Rxd2 Nh5 21. Bxe7
Qxe7 22. Qb6 Qf6 23. Ng1 Qg5 24. Qxc6 Rf8 25. Rd6 Be6 26. Nce2 Nhf4+ 27. Kh2
Nxe2 28. Nxe2 h5 29. Qc3 h4 30. Qf3 hxg3+ 31. fxg3 Bxb3 32. Qxb3 Rd8 33. Rxd8+
Qxd8 34. Qd3 Qb6 35. Kg2 Kh7 36. Qb3 Qc6 37. Qd3 f5 38. Nc3 f4 39. Nd5 fxg3 40.
Kxg3 Qc5 41. Qd1 Kh6 42. c3 Nf4 43. h4 Nh5+ 44. Kg2 Nf4+ 45. Nxf4 exf4 46. Qf3
Qd6 47. Kh3 Qe6+ 48. Kg2 Qd6 49. Kh3 Qe6+ 50. Kg2 Qd6 51. Kh3 1/2-1/2

[Event "Druzynowe Mistrzostwa Polski - II Liga Seniorow"]
[Site "Ustron/Slaski Zwiazek Szachowy"]
[Date "2008.09.10"]
[Round "4.102"]
[White "Halamus, Agata"]
[Black "Pacak, Patrycja"]
[Result "1-0"]
[WhiteTitle "I++"]
[BlackTitle "I"]
[WhiteElo "1935"]
[BlackElo "1771"]

1. c4 e5 2. Nc3 Nc6 3. g3 f5 4. Bg2 g6 5. e3 Bg7 6. Nge2 Nf6 7. d3 O-O 8. Rb1
d6 9. b4 f4 10. exf4 exf4 11. Bxf4 Ng4 12. O-O g5 13. Be3 Nce5 14. Ne4 Nf3+ 15.
Bxf3 Rxf3 16. Bxg5 Qd7 17. Nf4 Ne5 18. d4 Rxf4 19. Bxf4 Ng4 20. h3 Qf5 21. Qe2
Nf6 22. Nxf6+ Qxf6 23. Qe8+ Bf8 24. Rbe1 b6 25. d5 Kg7 26. Qh5 Bf5 27. Bg5 Qg6
28. Qh4 Bd3 29. Re6 Qf5 30. Rf6 Qe4 31. Bh6+ Kg8 32. Qg5+ Qg6 33. Rxg6+ hxg6
34. Re1 Bg7 35. Bxg7 1-0